| 000 | 00765cam a2200265 4500 | ||
|---|---|---|---|
| 999 |
_c54043 _d54040 |
||
| 003 | PK-NaQUE | ||
| 005 | 20250820083543.0 | ||
| 008 | 250820b ||||| |||| 00| 0 eng d | ||
| 020 | _a0070995737 | ||
| 020 | _a9780070995734 | ||
| 040 | _cQUEST | ||
| 082 | _a621.19SKR | ||
| 100 | 1 | _aSkrotzki, Bernhardt G. A. | |
| 245 | 1 | 0 | _aPower Station Engineering and Economy |
| 250 | _a2nd ed. | ||
| 260 |
_aNew York: _bMcGraw-Hill, _c1960. |
||
| 300 |
_a751 p. _billus. |
||
| 650 | 0 | _aPower-plants. | |
| 650 | 0 | _aMechanical engineering | |
| 650 | 0 | _aElectric power-plants. | |
| 650 | 7 | _aCentrais Geradoras De Energia E Instalacoes | |
| 700 | 1 | _aVopat, William A., | |
| 856 |
_uhttp://10.10.170.122:8080/browse/book/27011 _yDownload eBook |
||
| 942 |
_cBK _2ddc |
||